00517cam a22001931 4500001001300000003000400013005001700017008004100034010001700075035002000092040003600112042001200148050001900160100003800179245001200217260005400229300002500283999001500308af 48001273 DLC20260227110848.0890420s1942 ne c 000 0 dut c aaf 48001273  a(OCoLC)19578523 aNew York. Public Libr.cCUdDLC apremarc00aPT5844.K26bV41 aKaathoven, Elize van,d1865-1941.10aVerzen. aSantpoort,bN.v. Uitgeverij vh. C.A. Mees,c1942. a59 p.bport.c20 cm. c4432d4432